Most streamed songs : Korn - Statistics

General Stats
  • This quiz has been taken 37 times
    17 since last reset
  • The average score is 14 of 20
Answer Stats
Rank Number of streams Song Album/EP % Correct
1. 661 727 396 Freak On a Leash Follow The Leader
100%
5. 248 378 727 Blind Korn
94%
11. 119 196 669 A.D.I.D.A.S. Life Is Peachy
88%
13. 95 089 921 Twist Life Is Peachy
88%
2. 478 371 171 Coming Undone See You On the Other Side
82%
4. 320 285 877 Got the Life Follow The Leader
82%
3. 375 461 225 Falling Away from Me Issues
76%
17. 66 546 171 Somebody Someone Issues
76%
6. 234 000 019 Twisted Transistor See You On the Other Side
76%
7. 200 810 866 Y'all Want a Single Take A Look In The Mirror
76%
9. 161 618 167 Here To Stay Untouchables
71%
14. 87 611 226 Make Me Bad Issues
65%
19. 61 725 665 Shoots and Ladders Korn
65%
16. 68 205 111 All In The Family (feat. Fred Durst) Follow The Leader
59%
18. 62 022 813 Did My Time Take A Look In The Mirror
59%
10. 121 709 240 Narcissistic Cannibal (feat. Skrillex& Kill the Noise) The Path Of Totality
59%
12. 102 448 126 Right Now Take A Look In The Mirror
59%
8. 185 871 921 Word Up! Greatest Hits Vol. 1
59%
20. 60 950 299 Good God Life Is Peachy
53%
15. 80 494 643 Get Up! (feat. Skrillex) The Path Of Totality
47%
No matching quizzes found
Score Distribution
Percent of People with Each Score
Percentile by Number Answered
Your Score History
You have not taken this quiz since the last reset